000
00314nam a2200145Ia 4500
003
OSt
005
20240305155425.0
008
170524s9999 xx 000 0 und d
020
_a
978-9390177530
040
_c
iimtu meerut
100
_a
BERI GC
245
0
_a
MARKETING RESEARCH
260
_a
TMH
942
_2
ddc
_c
02
999
_c
3293
_d
3293